| 000 | 00884cam a2200253 4500 | ||
|---|---|---|---|
| 001 | 7457 | ||
| 005 | 20181127183654.0 | ||
| 008 | 060216s2006 caua 001 0 eng | ||
| 020 | _a1576753344 | ||
| 020 | _a9781576753347 | ||
| 082 | 0 | 0 |
_a303.6/9 _222 |
| 245 | 0 | 4 |
_aThe anatomy of peace : _bresolving the heart of conflict / _cThe Arbinger Institute. |
| 250 | _a1st ed. | ||
| 260 |
_aSan Francisco, CA : _bBerrett-Koehler Publishers, _cc2006. |
||
| 300 |
_axix, 231 p. : _bill. ; _c23 cm. |
||
| 500 | _aIncludes index. | ||
| 505 | 0 | _apt. 1. The heart of peace -- pt. 2. From peace to war -- pt. 3. From war to peace -- pt. 4. Spreading peace. | |
| 650 | 0 | _aConflict management. | |
| 650 | 0 | _aInterpersonal conflict. | |
| 650 | 0 |
_aPeace _xPsychological aspects. |
|
| 710 | 2 | _aArbinger Institute. | |
| 710 | 2 | _aBerrett-Koehler Publishers. | |
| 999 |
_c6374 _d6374 |
||